| 000 | 00637nam a2200157 4500 | ||
|---|---|---|---|
| 001 | 13926 | ||
| 005 | 20250904154912.0 | ||
| 010 | _a9791042410797 | ||
| 090 | _a13926 | ||
| 099 | _o0 | ||
| 100 | _a20250904d u||y0frey50 ba | ||
| 200 |
_aUn monde parfait _bLIVR |
||
| 214 | _cLe Trouve Feuille | ||
| 323 | _aindéfini | ||
| 330 | _aSommes-nous encore aujourd'hui ? Sommes-nous déjà demain ? Est-ce bien notre monde ? Que faire pour qu'il reste habitable? Est-ce une farce, une tragédie ? Et le théâtre, là-dedans ? Quel est son rôle ? Peut-être juste De jouer, de regarder, d'écouter ensemble Et ce n'est pas rien. | ||
| 610 | _aDistopie | ||